| 000 | 01094nam a2200325Ia 4500 | ||
|---|---|---|---|
| 001 | Para_5696 | ||
| 003 | CHAP | ||
| 008 | 220125s1983 xx 000 0 und d | ||
| 010 | _a204126 | ||
| 040 | _cCHAP | ||
| 090 | _aPA TESIS 43 | ||
| 100 |
_aBernal Ruíz, Carlos Ramon _911903 |
||
| 245 |
_aBiología, hábitos y longevidad de Aphidius smithi Sharma & Subba Rao, parasitoide de Acyrtodsiphon pisum (Harris), en Chapingo, Méx. / _c por Carlos Ramón Bernal Ruíz |
||
| 260 |
_aChapingo, Méx. : _b el autor |
||
| 300 | _a81 h. | ||
| 502 | _aTesis (M.C. Esp. en Entomología) CP | ||
| 650 |
_aAcyrtosiphon pisum _9170125 |
||
| 650 |
_aAlfalfa _x plagas _93882 |
||
| 650 |
_aAphidius smithi _96230 |
||
| 650 |
_aInsectos _x biología _958897 |
||
| 650 |
_aInsectos _x habitos y conducta _958927 |
||
| 710 |
_aColegio de Postgraduados. Centro de Entomología y Acarología _9164258 |
||
| 901 | _aPA TESIS 43 | ||
| 902 | _aM | ||
| 905 | _a0000001983 a 0000000000 00 | ||
| 910 | _a1983 | ||
| 942 | _cPARA | ||
| 942 |
_cPARA _d1 |
||
| 999 |
_c204126 _d204126 |
||